Zagreb Districts - Statistics

General Stats
  • This quiz has been taken 74 times
  • The average score is 9 of 17
Answers on the Map
Answers color-coded by a green-red scale on the quiz's map according to % correct below.
 
Answer Stats
Answer % Correct
Gornji Grad - Medveščak
76%
Sesvete
73%
Donji Grad
63%
Črnomerec
60%
Podsljeme
60%
Podsused - Vrapče
60%
Peščenica - Žitnjak
56%
Trnje
56%
Gornja Dubrava
55%
Donja Dubrava
53%
Maksimir
50%
Trešnjevka - jug
50%
Novi Zagreb - istok
48%
Novi Zagreb - zapad
48%
Trešnjevka - sjever
48%
Stenjevec
35%
Brezovica
29%
No matching quizzes found
Score Distribution
Percent of People with Each Score
Percentile by Number Answered
Your Score History
You have not taken this quiz